Statistics for JHS Lore Lore Quiz

Click here to take the quiz!

General Stats

  • This quiz has been taken 10 times
    (3 since last reset)
  • The average score is 47 of 50

Answer Stats

QuestionAnswer% Correct
Whats the price?$20
100%
What's your name, man?Alexander Hamilton
100%
Which one does Phoenix like?All of the Above
100%
Who walks slow?All of them
100%
Whos 50% British 50% American 50% Phillipino and 50% Spanish?Andrei
100%
Whos more Spanish?Andrei
100%
Who needed the 20 Ehalli dollars?Antonio
100%
Who hates East?Antonio
100%
Who LOVES TADC?Bryson
100%
Whos the objectively best teacher at JHS?Carter
100%
Who owns an Eazy-E shirt?Collin
100%
Whos eepiest?Collin
100%
Who always pays in quarters?Collin
100%
Who has terrible pictures of themselves?Dani
100%
Which one hates Collin more?Dani
100%
Who's meanest to Collin?Dani
100%
Who does Phoenix support?Derek
100%
Where is Phoenix not allowed to go?E Hall
100%
Who is Scott jealous of?Harrison (a 5 YEAR OLD)
100%
Heaven forbid someone whisper.He's part of some scheme
100%
Who stands outside Movicks class?Jose
100%
Who loves Among Us?Kohl
100%
What does Ethan Tuten call Melanie Martinez?Malin Martez
100%
Which one is NOT in E2 Hall?Mason
100%
Who does Scott like most? (Don't select all that apply)Math because hes a nerd
100%
Whats Gavins presidential name?Michael Evans
100%
Which teachers gone the most?Movick
100%
Who do we miss?Movick
100%
Whos the protagonist?Mr Carter
100%
Whos saddest?Mr When
100%
Who is the first person that was BANNED from Yapchat?Nathan
100%
Does Scott know a pretty close?NO
100%
Was it basically Friday?NO
100%
Does Phoenix know how to say Nguyen?NOPE
100%
Which class does Scott haveNymphology
100%
Which one is NOT in Collin's top 5 music artists?Olivia Rodrigo
100%
What does Ethan draw?One Piece
100%
What was September 8?Philosophy Phriday
100%
Whats Scotts favourite colour?Pink and Black
100%
What are the Joplin colours?Red silver and navy
100%
Who said, "dani doesn't hate you btw"?Scott
100%
Who ignores people?Scott
100%
Who always wants to sit next to Andrei?Scott
100%
Who should be black (according to Evan)?Steul
100%
Who walks fast?Tanner
100%
What is Collins most streamed song?The Principal
100%
What book has Phoenix read 5+ times?Warriors: Forest of Secrets
100%
Whats Collins (canon) personality amount?16
0%
How many friends does Sam have?200 Billion
0%
How long does Scott ignore?24 Hours 42 Minutes
0%
Which time is significant?5:43
0%
Who does Derek interact with?All of the Above
0%
Whats Phoenix getting back into?All of them
0%
Who fails Movicks class?All of them?
0%
What does Phoenix call Connor?All of those probably
0%
What did Harley need?A Monster
0%
Who needs new shoes?Antonio
0%
Which class is the best class ever?Any but 2026
0%
Who was the black person typing?Bryson
0%
Which ones an effer (meaning they are failing French class)?Chance
0%
Who lied about skipping on Mondays?Cole
0%
Who hates Webb City the most?Collin
0%
Who influences Phoenix?Collin
0%
Who does Jenifer Leeper request photos of?Collins friends
0%
Who travels to Springfield, Missouri? (The most often)Dani
0%
Who's Scotts cousin?Derek
0%
Who took pictures?Derek
0%
Which place does Phoenix think is MOST boring OUT OF THE OPTIONS LISTED?Eagle Alley
0%
Who wears a pink hat?Finky
0%
Come to my house, let's die togetherFriendship that would last forever
0%
What did Scott say on November 13, 2023, at 7:58 P.M.I have a girlfriend buddy
0%
Who LOVES Shrek Spooky Stories?Lake
0%
Who is Scotts favourite person?Math teachers because he's a nerd
0%
Which teacher did students love the most?Movick
0%
Who does Phoenix hate most?Ms Mason
0%
Who travels to Washington, Missouri?Nathan
0%
Whats November 15?National Movick Day
0%
Whats April 5?National Nathan Day
0%
How does Phoenix say Neuzil?Nazuil
0%
What political opinion does Scott always choose to take on?Neutral
0%
Who is NOT poignantPhoenix
0%
Who can't dab people up?Phoenix
0%
Who knows Warriors lore most?Phoenix
0%
Which one is NOT on 3rd floorRoss
0%
Who gets called Manic by their friends?Sam
0%
Who takes sips of Collin drink without consent?Sam
0%
Who gets coffee everyday? (that he DOESN'T PAY FOR)Scott
0%
Who said "W taylor swift"Scott
0%
Who hates holding Collins hand?Scott
0%
Who denies failing?Scott
0%
Who does Collin like?Scott
0%
Whos the biggest leaker?Scott
0%
Who was in the reflection?Stele
0%
What is Scotts favourite song?Style
0%
Who's already read Romeo and Juliet?Teddy
0%
Which zone does Phoenix hate?The Nerding Zone
0%
What erases easily?Yearbook
0%
Do you know Yavchad?Yes
0%

Score Distribution

Percentile by Number Answered

Percent of People with Each Score

Your Score History

You have not taken this quiz since the last reset